| 000 | 00610nam a2200193 i 4500 | ||
|---|---|---|---|
| 001 | 55326 | ||
| 003 | ES-MaACL | ||
| 005 | 20230906163124.0 | ||
| 007 | t| | ||
| 008 | 030917m19101913fr ||||1| fre d | ||
| 100 | 1 |
_aDenifle, Henri. _943690 |
|
| 245 | 1 | 0 |
_aLuther et le lutheranisme _b: etude faite d'apres les sources / _cpar Henri Denifle ; traduit par L. Paquier. |
| 260 |
_aParis : _b[s.n.], _c1910-13 ( _eAbbeville : _fF. Paillart) |
||
| 300 |
_a4 v. ; _c19 cm. |
||
| 600 | 1 | 4 |
_aLuther, Martin. _974872 |
| 650 | 0 | 4 |
_aProtestantismo. _916517 |
| 700 | 1 |
_aPaquier, L. _988898 |
|
| 852 |
_aES-MaACL _jF-9783-83 |
||
| 999 |
_c55326 _d55326 |
||